00735cam a2200205 a 4500020003400000020003500034020003500069020003500104040000800139082002600147245013400173250001200307260004100319300003500360650003100395650002200426650002900448700002400477700002800501 a047125309X (set : alk. paper) a0471253235 (v. 1 : alk. paper) a0471253243 (v. 2 : alk. paper) a0471253251 (v. 3 : alk. paper) cDLC00a371 JWI 2000 A021 Or.00aEncyclopedia of special education :ba reference for the education of the handicapped and other exceptional children and adults / a2nd ed. aNew York :bJ. Wiley & Sons,cc2000. a3 v. :bill., ports. ;c29 cm. 0aChildren with disabilities 0aSpecial education 0aPeople with disabilities1 aReynolds, Cecil R.,1 aFletcher-Janzen, Elaine